Statistiques concernant Villes d'Allemagne - Carte Quiz

Cliquez ici pour prendre le quiz!

Statistiques générales

  • Ce quiz a été pris 8,206 fois
  • Le résultat moyen est 6 sur 12

Statistiques - réponses

Answer % Correct
Berlin
93%
Munich
76%
Hambourg
66%
Stuttgart
53%
Düsseldorf
51%
Nuremberg
51%
Francfort-sur-le-Main
50%
Sarrebruck
48%
Dresde
44%
Rostock
39%
Brême
38%
Hanovre
37%

Distribution des résultats

Percentile par nombre de réponses

% des personnes avec chaque résultat

Votre développement - résultats

Vous n’avez pas pris ce quiz